Normal view
MARC view
- Yourdon , Edward
Entry Personal Name
001 - CONTROL NUMBER
- control field: 36716
003 - CONTROL NUMBER IDENTIFIER
- control field: NUST
005 - DATE AND TIME OF LATEST TRANSACTION
- control field: 20210314130059.0
008 - FIXED-LENGTH DATA ELEMENTS
- fixed length control field: 210314|| aca||aabn | a|a d
040 ## - CATALOGING SOURCE
- Original cataloging agency: NUST
- Transcribing agency: NUST
100 ## - HEADING--PERSONAL NAME
- Personal name: Yourdon , Edward
670 ## - SOURCE DATA FOUND
- Source citation: Work cat.: (NUST): Yourdon , Edward, Learning to program in structured COBOL /, 1987-
